AIDS: (Record no. 5282)

MARC details
000 -LEADER
fixed length control field 00467nam a22001697a 4500
003 - CONTROL NUMBER IDENTIFIER
control field GBCCL
005 - DATE AND TIME OF LATEST TRANSACTION
control field 20241126110537.0
008 - FIXED-LENGTH DATA ELEMENTS--GENERAL INFORMATION
fixed length control field 180312b ||||| |||| 00| 0 eng d
040 ## - CATALOGING SOURCE
Transcribing agency gbc
082 ## - DEWEY DECIMAL CLASSIFICATION NUMBER
Classification number 616.9792
Item number THA
100 ## - MAIN ENTRY--PERSONAL NAME
Personal name Thampu, Valson
9 (RLIN) 9529
245 ## - TITLE STATEMENT
Title AIDS:
Remainder of title Heresy and Prophecy - What the Virus Says /
Statement of responsibility, etc. Valson Thampu
260 ## - PUBLICATION, DISTRIBUTION, ETC.
Place of publication, distribution, etc. New Delhi:
Name of publisher, distributor, etc. TRACI,
Date of publication, distribution, etc. 1993
300 ## - PHYSICAL DESCRIPTION
Extent 191 p.;
Dimensions 22 cm.
650 ## - SUBJECT ADDED ENTRY--TOPICAL TERM
Topical term or geographic name entry element AIDS
Form subdivision Religious Aspect
9 (RLIN) 9530
942 ## - ADDED ENTRY ELEMENTS (KOHA)
Source of classification or shelving scheme Dewey Decimal Classification
Koha item type Books
Koha issues (borrowed), all copies 1
Holdings
Withdrawn status Lost status Source of classification or shelving scheme Damaged status Not for loan Home library Current Library Shelving location Date acquired Total checkouts Full call number Barcode Date last seen Date last checked out Copy number Price effective from Koha item type
    Dewey Decimal Classification     GRACE BIBLE COLLEGE GRACE BIBLE COLLEGE General Studies 2018-03-12 1 616.9792 THA 006236 2025-05-01 2018-11-19 c.1 2018-03-12 Books
© Grace Bible College Library 2025